00305pam a2200121 a 4500020000500000041000800005082001500013100001500028245007300043260003300116300001100149700002300160 c aeng a338.5bBAR aBarve R.K. aBusiness Economics F.Y.B.Com. part II 85 pattern hTextual Documents aPunebNirali Prakashanc1988 a142 p. aMahajan, Mukunda .